Birds in a cage / (Record no. 35579)
[ view plain ]
| 000 -LEADER | |
|---|---|
| fixed length control field | 00977nam a22002535a 4500 |
| 005 - DATE AND TIME OF LATEST TRANSACTION | |
| control field | 20100501121255.0 |
| 008 - FIXED-LENGTH DATA ELEMENTS--GENERAL INFORMATION | |
| fixed length control field | 090911s2009 ii ab b 100 0 eng d |
| 010 ## - LCCN (DPL NO) | |
| LC control number | ENG-96457 |
| 020 ## - INTERNATIONAL STANDARD BOOK NUMBER | |
| International Standard Book Number | 8126024313 |
| Terms of availability | 75.00 |
| 035 ## - SYSTEM CONTROL NUMBER | |
| System control number | EN- 79990 |
| 037 ## - SOURCE OF ACQUISITION | |
| Source of stock number/acquisition | DBAD/VEN |
| 082 ## - DEWEY DECIMAL CLASSIFICATION NUMBER | |
| Classification number | 871.3 |
| 100 ## - MAIN ENTRY--PERSONAL NAME | |
| Personal name | Padmanabhan, Neela |
| 9 (RLIN) | 1256 |
| 245 ## - TITLE STATEMENT | |
| Title | Birds in a cage / |
| Statement of responsibility, etc | by Neela Padmanabhan ; translated from the Tamil by M. Vijaylakshmi |
| 260 ## - PUBLICATION, DISTRIBUTION, ETC. (IMPRINT) | |
| Place of publication, distribution, etc | New Delhi |
| Name of publisher, distributor, etc | Sahitya Akademi |
| Date of publication, distribution, etc | 2009 |
| 270 ## - ADDRESS | |
| Address | Rabindra Bhawan, 35, Ferozeshah Road, |
| City | New Delhi |
| Postal code | 110001 |
| 300 ## - PHYSICAL DESCRIPTION | |
| Extent | vi,126p. |
| Dimensions | 22cm (pbk) |
| 490 ## - SERIES STATEMENT | |
| Series statement | Katha Bharati Series |
| -- | 1257 |
| 520 ## - SUMMARY, ETC. | |
| Summary, etc | Contributed articles. |
| 700 ## - ADDED ENTRY--PERSONAL NAME | |
| Personal name | Vijayalakshmi, M. |
| 9 (RLIN) | 1258 |
| 942 ## - ADDED ENTRY ELEMENTS (KOHA) | |
| Source of classification or shelving scheme | Dewey Decimal Classification |
| Item type | English Books |
| Call number suffix | PAD |
| Classification part | 871.3 |
| Withdrawn status | Lost status | Source of classification or shelving scheme | Damaged status | Not for loan | Collection code | Home library | Current library | Date acquired | Source of acquisition | Cost, normal purchase price | Total Checkouts | Full call number | Barcode | Date last seen | Copy number | Cost, replacement price | Koha item type |
|---|---|---|---|---|---|---|---|---|---|---|---|---|---|---|---|---|---|
| Dewey Decimal Classification | Not For Loan | Fiction | D.B.Act.Division | D.B.Act.Division | 24/07/2010 | DBAD/PUB | 75.00 | 871.3 PAD | EN-79990 | 24/07/2010 | 1 | 75.00 | English Books |
